Представление документа в формате RUSMARC

Поле Инд. ПП Название Значение
Тип записи a
Библиографический уровень a
001 Контрольный номер 377265c917b74698a6e511421accc9b4
005 Дата корректировки 20181120134544.7
100 a Данные общей обработки 20180816 ||| 0rusy0189 ca
101 0_ a Язык текста rus
102 a Страна публикации RU
200 1_ f Первые сведения об ответственности В.В. Груздев
a Заглавие Порочность юридического поступка
210 d Дата издания 2018
461 _0 1 2000
a Право и экономика
463 _0 1 2000
a №5
v С. 26-30
1 2101
d 2018
1 00155933bd75ce34071807972c6d320d0ea
606 a Основная рубрика Гражданское и торговое право
610 0_ a Ключевые слова ЮРИДИЧЕСКИЕ ФАКТЫ
a Ключевые слова СДЕЛКИ
a Ключевые слова НЕДЕЙСТВИТЕЛЬНОСТЬ СДЕЛКИ ДОГОВОРА
700 _1 a Фамилия Груздев
b Имя В.В.
801 _0 a Страна RU
b Организация РГУП
c Дата составления 20180816
g Правила каталогизации PSBO
801 _1 a Страна RU
b Организация РГУП
c Дата составления 20180816
g Правила каталогизации PSBO
901 t Тип документа b
w Контрольный № источника 55933bd75ce34071807972c6d320d0ea
905 a Дата ввода 20180816